Statistics for Top Selling Candy Bars in the U.S.

Click here to take the quiz!

General Stats

  • This quiz has been taken 71 times
  • The average score is 7 of 15

Answer Stats

#Answer% Correct
3Snickers
95%
7Milky Way
80%
4Kit Kat
77%
5Twix
69%
1Hershey's
63%
2Reese's
61%
63 Musketeers
56%
15Butterfinger
56%
9Almond Joy
45%
13PayDay
39%
12Baby Ruth
38%
10Dove
14%
11Ghirardelli
0%
8Hershey Cookies & Creme
0%
14Lindt
0%

Score Distribution

Percentile by Number Answered

Percent of People with Each Score

Your Score History

You have not taken this quiz